Úradný vestník

Bibliographic Details
New Title:Úradný list Republiky československej
Format: Journal
Language:Slovak
PhysicalDescription:15 zv. 30 cm
Published: Košice Bratislava Úrad Predsedníctva Slovenskej národnej rady v Bratislave 1945-1959
Bratislava Úrad predsedníctva Sboru povereníkov
Bratislava Povereníctvo vnútra v Bratislave
Subjects:

MARC

LEADER 00000cas a22000004a 4500
001 vtls010302455
003 SK-MaSNL
005 20260228162842.0
008 110810d19451959xo wr p 0 b0slo
040 |a SNK  |b slo  |c SNK  |e AACR2 
041 0 |a slo 
044 |a xo  |c SK 
072 7 |a 35  |x Verejná správa  |2 konspekt 
080 |a 35  |2 2011 
245 0 0 |a Úradný vestník 
260 |a Košice  |a Bratislava  |b Úrad Predsedníctva Slovenskej národnej rady v Bratislave  |c 1945-1959 
260 2 |3 86/1946-104/1949  |a Bratislava  |b Úrad predsedníctva Sboru povereníkov 
260 3 |3 1/1950-99/1959  |a Bratislava  |b Povereníctvo vnútra v Bratislave 
300 |a 15 zv.  |c 30 cm 
310 |a 1x týždenne 
362 0 |a Roč. [I], čiastka 1 (10.3.1945)-roč. [15], čiastka 99 (1959) 
500 |a Zmena podnázvu: od r. 1950 I. diel Nariaďovací, II. diel Oznamovací, od r. 1952 nedelene 
500 |a Príloha: od r. 1952, Príloha Úradného vestníka. Paginácia a tiráž spoločná. Od č. 131/1955 bez paginácie 
515 |a Abecedný zoznam hesiel, paginácia rímskymi číslami v zátvorke 
580 |a Od r. 1960 pokračoval ako Úradný list Republiky československej 
650 0 7 |a štátna správa  |2 SNKPH  |9 1539 
655 7 |a vestníky  |2 SNKPH  |9 70701 
772 0 |t Príloha Úradného vestníka 
785 0 0 |t Úradný list Republiky československej  |w vtls009176978 
910 |a snk 
999 |c 8441  |d 10371 
952 |0 0  |1 0  |4 0  |7 0  |a SNK  |b SNK  |d 2000-05-09  |l 0  |o snkČSB 377/1958  |p 17A0238310  |r 2005-01-02 00:00:00  |w 2026-02-21  |y PREZ 
952 |0 0  |1 0  |4 0  |7 0  |a SNK  |b SNK  |d 2021-05-24  |l 0  |o snkČSB 377/1958 D1  |p 17A1347993  |r 2026-02-21 19:41:34  |w 2026-02-21  |y PREZ 
952 |0 0  |1 0  |4 0  |7 0  |8 3  |a SNK  |b SNK  |d 2011-06-27  |i snkXI. 2189/55  |l 0  |o snkČSB 377/1946/2 D1  |p 17A0698872  |r 2026-02-21 20:06:44  |w 2026-02-21  |y PREZ 
952 |0 0  |1 0  |4 0  |7 0  |a SNK  |b SNK  |d 2011-06-27  |i snkXI. 2213/55  |l 0  |o snkČSB 377/1946/3 D1  |p 17A0698549  |r 2026-02-21 20:06:44  |t č. 45-68  |w 2026-02-21  |y PREZ 
952 |0 0  |1 0  |4 0  |7 0  |8 5  |a SNK  |b SNK  |d 2011-06-27  |i snkČSF 238/56  |l 0  |o snkČSB 377/1948/2 D1  |p 17A0698551  |r 2026-02-21 20:06:44  |w 2026-02-21  |y PREZ 
952 |0 0  |1 0  |4 0  |7 0  |8 3  |a SNK  |b SNK  |d 2011-06-27  |i snkXI. 2188/55  |l 0  |o snkČSB 377/1946/1 D1  |p 17A0698553  |r 2026-02-21 20:06:44  |w 2026-02-21  |y PREZ 
952 |0 0  |1 0  |4 0  |7 0  |8 5  |a SNK  |b SNK  |d 2011-06-27  |i snkČSF 237/56  |l 0  |o snkČSB 377/1948/1 D1  |p 17A0698554  |r 2026-02-21 20:06:44  |t č. 1-109  |w 2026-02-21  |y PREZ 
952 |0 0  |1 0  |4 0  |7 0  |a SNK  |b SNK  |d 2011-06-27  |i snkČSF 236/56  |l 0  |o snkČSB 377/1947/2 D1  |p 17A0698555  |r 2026-02-21 20:06:44  |t č. 34-75  |w 2026-02-21  |y PREZ 
952 |0 0  |1 0  |4 0  |7 0  |a SNK  |b SNK  |d 2011-06-27  |i snkČSF 235/56  |l 0  |o snkČSB 377/1947/1 D1  |p 17A0698556  |r 2026-02-21 20:06:44  |t č. 1-33  |w 2026-02-21  |y PREZ 
952 |0 0  |1 0  |4 0  |7 0  |a SNK  |b SNK  |d 2011-06-27  |i snkXI. 2219/55  |l 0  |o snkČSB 377/1946/4 D1  |p 17A0698550  |r 2026-02-21 20:09:01  |t č. 69-91  |w 2026-02-21  |y PREZ 
952 |0 0  |1 0  |3 č. 1-158  |4 0  |7 0  |a SNK  |b SNK  |d 2003-03-31  |i snkF 4230/68  |l 0  |o snkČSB 377/1953 D1  |p 17A0379773  |r 2005-01-02 00:00:00  |w 2026-02-21  |y PREZ 
952 |0 0  |1 0  |4 0  |7 0  |8 5  |a SNK  |b SNK  |d 2011-06-27  |i snkČSF 234/56  |l 0  |o snkČSB 377/1945/1 D1  |p 17A0698552  |r 2026-02-21 20:16:52  |t č. 1-37  |w 2026-02-21  |y PREZ 
952 |0 0  |1 0  |4 0  |7 0  |a SNK  |b SNK  |d 2011-10-04  |i snkXI. 1712/55  |l 0  |o snkČSB 377/1949/1 D1  |p 17A0709849  |r 2026-02-21 20:22:49  |t č. 1-46  |w 2026-02-21  |y PREZ 
952 |0 0  |1 0  |4 0  |7 0  |8 5  |a SNK  |b SNK  |d 2011-10-04  |i snkXI. 1712/55  |l 0  |o snkČSB 377/1949/2 D1  |p 17A0709850  |r 2026-02-21 20:22:49  |t č. 47-104  |w 2026-02-21  |y PREZ 
952 |0 0  |1 0  |4 0  |7 0  |8 5  |a SNK  |b SNK  |d 2011-10-04  |i snkČSF 1270/58  |l 0  |o snkČSB 377/1951/1 D2  |p 17A0709851  |r 2026-02-21 20:22:49  |t č. 1-101  |w 2026-02-21  |y PREZ 
952 |0 0  |1 0  |3 rekatalogizácia  |4 0  |7 0  |a SNK  |b SNK  |d 2007-03-28  |i snk3212/47  |l 0  |o snkČSB 377/1947/1  |p 17A0546674  |r 2026-02-21 20:27:34  |w 2026-02-21  |y PREZ 
952 |0 0  |1 0  |3 rekatalogizácia  |4 0  |7 0  |a SNK  |b SNK  |d 2007-03-28  |i snk91/53  |l 0  |o snkČSB 377/1952  |p 17A0546694  |r 2026-02-21 20:27:37  |w 2026-02-21  |y PREZ 
952 |0 0  |1 0  |4 0  |7 0  |a SNK  |b SNK  |d 2007-03-28  |i snk 205/46  |l 0  |o snkČSB 377/1945/1  |p 17A0546581  |r 2026-02-21 20:27:37  |t č. 1-37  |w 2026-02-21  |y PREZ 
952 |0 0  |1 0  |4 0  |7 0  |a SNK  |b SNK  |d 2007-03-28  |i snk2217/48  |l 0  |o snkČSB 377/1947/2  |p 17A0546016  |r 2026-02-21 20:27:37  |t č. 38-75  |w 2026-02-21  |y PREZ 
952 |0 0  |1 0  |4 0  |7 0  |a SNK  |b SNK  |d 2007-03-28  |i snk89/46  |l 0  |o snkČSB 377/2/1946/1  |p 17A0546280  |r 2026-02-21 20:27:37  |t č. 1-40  |w 2026-02-21  |y PREZ 
952 |0 0  |1 0  |4 0  |7 0  |a SNK  |b SNK  |d 2007-03-28  |l 0  |o snkČSB 377/1949/1  |p 17A0546014  |r 2026-02-21 20:27:37  |t č. 1-59  |w 2026-02-21  |y PREZ 
952 |0 0  |1 0  |4 0  |7 0  |a SNK  |b SNK  |d 2007-03-28  |l 0  |o snkČSB 377/1948/1  |p 17A0546013  |r 2026-02-21 20:27:37  |t č. 1-54  |w 2026-02-21  |y PREZ 
952 |0 0  |1 0  |4 0  |7 0  |a SNK  |b SNK  |d 2007-03-28  |l 0  |o snkČSB 377/1948/2  |p 17A0546015  |r 2026-02-21 20:27:37  |t č. 55-109  |w 2026-02-21  |y PREZ 
952 |0 0  |1 0  |3 K časopisu sú priložené prílohy v doskách  |4 0  |7 0  |a SNK  |b SNK  |d 2012-05-18  |i snkII. 147/55  |l 0  |o snkČSB 377/1954 D1  |p 17A0888609  |r 2026-02-21 20:28:58  |t č. 1-162  |w 2026-02-21  |y PREZ 
952 |0 0  |1 0  |4 0  |7 0  |a SNK  |b SNK  |d 2000-10-25  |l 0  |o snkČSB 377/1956  |p 17A0255833  |r 2005-01-02 00:00:00  |w 2026-02-21  |y PREZ 
952 |0 0  |1 0  |4 0  |7 0  |a SNK  |b SNK  |d 1998-02-25  |l 0  |o snkČSB 377/2/1946/2  |p 17A0126085  |r 2005-01-02 00:00:00  |w 2026-02-21  |y PREZ 
952 |0 0  |1 0  |4 0  |7 0  |a SNK  |b SNK  |d 2003-01-29  |l 0  |o snkČSB 377/1949/2  |p 17A0370740  |r 2005-01-02 00:00:00  |w 2026-02-21  |y PREZ 
952 |0 0  |1 0  |4 0  |7 0  |a SNK  |b SNK  |d 2014-04-17  |l 0  |o snkČSB 377/1955 D1  |p 17A1075504  |r 2026-02-21 20:51:40  |w 2026-02-21  |y PREZ 
952 |0 0  |1 0  |4 0  |7 0  |a SNK  |b SNK  |d 1998-03-23  |l 0  |o snkČSB 377/1957  |p 17A0131953  |r 2005-01-02 00:00:00  |w 2026-02-21  |y PREZ 
952 |0 0  |1 0  |4 0  |7 0  |a SNK  |b SNK  |d 1998-03-23  |l 0  |o snkČSB 377/1/1954  |p 17A0129635  |r 2005-01-02 00:00:00  |w 2026-02-21  |y PREZ 
952 |0 0  |1 0  |4 0  |7 0  |a SNK  |b SNK  |d 1998-03-23  |l 0  |o snkČSB 377/1954  |p 17A0129707  |r 2005-01-02 00:00:00  |w 2026-02-21  |y PREZ 
952 |0 0  |1 0  |4 0  |7 0  |a SNK  |b SNK  |d 1998-06-09  |l 0  |o snkČSB 377/1955  |p 17A0143493  |r 2005-01-02 00:00:00  |w 2026-02-21  |y PREZ 
952 |0 0  |1 0  |4 0  |7 0  |a SNK  |b SNK  |d 2001-11-15  |l 0  |o snkČSB 377/1950/2  |p 17A0321959  |r 2005-01-02 00:00:00  |w 2026-02-21  |y PREZ 
952 |0 0  |1 0  |4 0  |7 0  |a SNK  |b SNK  |d 2001-11-15  |l 0  |o snkČSB 377/1950/1  |p 17A0321438  |r 2005-01-02 00:00:00  |w 2026-02-21  |y PREZ 
952 |0 0  |1 0  |4 0  |7 0  |8 5  |a SNK  |b SNK  |d 2013-08-01  |i snkČSF 240/56  |l 0  |o snkČSB 377/6/1950/2 D1  |p 17A1022531  |r 2026-02-21 21:13:29  |w 2026-02-21  |y PREZ 
952 |0 0  |1 0  |4 0  |7 0  |8 5  |a SNK  |b SNK  |d 2013-08-01  |i snkČSF 239/56  |l 0  |o snkČSB 377/6/1950/2 D1  |p 17A1022392  |r 2026-02-21 21:13:29  |w 2026-02-21  |y PREZ 
952 |0 0  |1 0  |4 0  |7 0  |8 5  |a SNK  |b SNK  |d 2013-08-01  |i snkF 4264/68  |l 0  |o snkČSB 377/1950/1 D1  |p 17A1022389  |r 2026-02-21 21:13:29  |w 2026-02-21  |y PREZ 
952 |0 0  |1 0  |4 0  |7 0  |a SNK  |b SNK  |d 1998-12-01  |l 0  |o snkČSB 377/1951  |p 17A0170174  |r 2005-01-02 00:00:00  |w 2026-02-21  |y PREZ 
952 |0 0  |1 0  |4 0  |7 0  |a SNK  |b SNK  |d 2004-08-09  |i snkII. 710/52  |l 0  |o snkČSB 377/1951/1 D1  |p 17A0436232  |r 2005-01-02 00:00:00  |w 2026-02-21  |y PREZ 
952 |0 0  |1 0  |4 0  |7 0  |a SNK  |b SNK  |d 2004-08-09  |i snkČSF 240/56  |l 0  |o snkČSB 377/7/1951 D2  |p 17A0436611  |r 2005-01-02 00:00:00  |w 2026-02-21  |y PREZ 
952 |0 0  |1 0  |4 0  |7 0  |a SNK  |b SNK  |d 2013-01-10  |l 0  |o snkČSB 377/1957 D1  |p 17A1021445  |r 2026-02-21 21:23:43  |w 2026-02-21  |y PREZ 
952 |0 0  |1 0  |4 0  |7 0  |a SNK  |b SNK  |d 2003-03-31  |i snkII. 196/54  |l 0  |o snkČSB 377/1953/1  |p 17A0379782  |r 2005-01-02 00:00:00  |w 2026-02-21  |y PREZ 
952 |0 0  |1 0  |4 0  |7 0  |a SNK  |b SNK  |d 2003-03-31  |l 0  |o snkČSB 377/1953/2  |p 17A0379781  |r 2005-01-02 00:00:00  |w 2026-02-21  |y PREZ 
952 |0 0  |1 0  |4 0  |7 0  |a SNK  |b SNK  |d 2000-10-25  |l 0  |o snkČSB 377/1959 D1  |p 17A0255819  |r 2005-01-02 00:00:00  |w 2026-02-21  |y PREZ